Verejno-súkromné partnerstvá a ich ekonomická realizovateľnosť

Verejno-súkromné partnerstvo ako spôsob obstarania verejnej infraštruktúry. Možnosti zabezpečenia služieb verejnej infraštruktúry. Komparácia verejno-súkromného partnerstva a tradičného spôsobu obstarávania infraštruktúry. Metodický postup hodnotenia ekonomickej realizovateľnosti verejno-súkromného...

ver descrição completa

Na minha lista:
Detalhes bibliográficos
Autor principal: Kuvíková, Helena
Outros Autores: Gajdošová, Katarína
Formato: Capítulo de Livro
Idioma:eslovaco
Assuntos:
Tags: Adicionar Tag
Sem tags, seja o primeiro a adicionar uma tag!

MARC

LEADER 00000naa a2200000 4500
001 0127293
005 20231107132516.1
041 0 |a slo 
044 |a SK 
245 1 0 |a Verejno-súkromné partnerstvá a ich ekonomická realizovateľnosť  |c Helena Kuvíková, Katarína Gajdošová 
520 |a Verejno-súkromné partnerstvo ako spôsob obstarania verejnej infraštruktúry. Možnosti zabezpečenia služieb verejnej infraštruktúry. Komparácia verejno-súkromného partnerstva a tradičného spôsobu obstarávania infraštruktúry. Metodický postup hodnotenia ekonomickej realizovateľnosti verejno-súkromného partnerstva. 
610 2 0 |a partnerstvo verejno-súkromné 
610 2 0 |a infraštruktúra 
610 2 0 |a obstarávanie kapitálu 
610 2 0 |a sektor verejný 
610 2 0 |a služby 
610 2 0 |a sektor súkromný 
100 1 |a Kuvíková, Helena 
700 1 |a Gajdošová, Katarína